Every NFL Teams GOAT - Statistics

General Stats
  • This quiz has been taken 72 times
  • The average score is 24 of 32
Answer Stats
Team Pos Player % Correct
Dolphins QB Dan Marino
98%
Patriots QB Tom Brady
98%
Colts QB Peyton Manning
95%
Texans DE J.J. Watt
90%
Ravens LB Ray Lewis
88%
Browns RB Jim Brown
86%
Bills QB Jim Kelly
86%
Raiders WR Tim Brown
86%
Saints QB Drew Brees
85%
Cowboys RB Emmitt Smith
85%
Broncos QB John Elway
85%
Panthers WR Steve Smith Sr.
85%
Jets QB Joe Namath
83%
Lions RB Barry Sanders
81%
Chiefs TE Tony Gonzalez
81%
Falcons WR Julio Jones
80%
Chargers RB Ladanian Tomlinson
78%
Rams DT Aaron Donald
76%
Vikings WR Randy Moss
76%
49ers WR Jerry Rice
75%
Cardinals WR Larry Fitzgerald
75%
Bears RB Walter Payton
75%
Giants LB Lawrence Taylor
73%
Jaguars RB Fred Taylor
71%
Packers QB Bart Starr
63%
Steelers DT Joe Greene
63%
Commanders CB Darrell Green
59%
Eagles DE Reggie White
56%
Bengals OT Anthony Munoz
51%
Seahawks WR Steve Largent
51%
Buccaneers LB Derrick Brooks
34%
Titans C Bruce Matthews
27%
No matching quizzes found
Score Distribution
Percent of People with Each Score
Percentile by Number Answered
Your Score History
You have not taken this quiz